| 000 | 00431 a2200145 4500 | ||
|---|---|---|---|
| 020 | _aS/N | ||
| 040 | _aULA-LD-MS | ||
| 082 | _a658.3 | ||
| 100 |
_91085 _aSILVA, Salvador Izaino Boaventura |
||
| 245 | _aO Papel do Ld̕er na Motivaȯ̂ e Satisfaȯ̂ dos Funcionr̀ios: Um estudo de caso na empresa ENDE-EP-Luanda | ||
| 260 |
_aLuanda _bUniversidade Lusa̕da _c2019 |
||
| 300 | _a93p | ||
| 650 | _aRecursos Humanos | ||
| 942 | _cTFC | ||
| 999 |
_c2263 _d2263 |
||